[Event "1.CLZ 24/25,MGMBA Unichess-Ricany 1925"]
[Site "Praha"]
[Date "2024.10.20"]
[Round "1.5"]
[White "Rehorek, Martin"]
[Black "Trickov, Vasil"]
[WhiteElo "2220"]
[BlackElo "2313"]
[Result "1/2-1/2"]
[PlyCount "92"]

1. Nf3 d5 2. b3 Bf5 3. Bb2 e6 4. e3 Nf6 5. Be2 h6 6. O-O Be7 7. c4 O-O 8. Nc3
c5 9. cxd5 Nxd5 10. Nxd5 Qxd5 11. d3 Qd8 12. Qc2 Nc6 13. Rfd1 Rc8 14. Rac1 b6
15. h3 Bf6 16. a3 Qe7 17. Qb1 a5 18. Nd2 Rfd8 19. Ne4 Bxb2 20. Qxb2 Bxe4 21.
dxe4 Rxd1+ 22. Rxd1 Rd8 23. Rxd8+ Qxd8 24. a4 Qf6 25. Qc1 Nb4 26. Bc4 Qd8 27.
Kh2 Nc6 28. Bb5 Ne7 29. Bc4 Nc8 30. e5 Ne7 31. f4 g6 32. Qe1 h5 33. Qh4 Nc6 34.
Qg3 Ne7 35. e4 Qd4 36. f5 Qxe4 37. fxe6 fxe6 38. Bxe6+ Kh7 39. Bd7 Kh6 40. e6
h4 41. Qb8 Kg5 42. Qxb6 Qe5+ 43. Kg1 Qe3+ 44. Kh2 Qe5+ 45. Kg1 Qe3+ 46. Kh2
Qe5+ 1/2-1/2

[Event "1.CLZ 24/25,MGMBA Unichess-Ricany 1925"]
[Site "Praha"]
[Date "2024.10.20"]
[Round "1.6"]
[White "Lajbl, Jan"]
[Black "Juhanak, Daniel"]
[WhiteElo "2218"]
[BlackElo "2162"]
[Result "1/2-1/2"]
[PlyCount "133"]

1. d4 d5 2. Nc3 Nf6 3. Bg5 Bf5 4. f3 Nbd7 5. g4 Bg6 6. e3 c6 7. Bd3 e5 8. Nge2
Be7 9. Bh4 e4 10. fxe4 dxe4 11. Bc4 Nxg4 12. Bxe7 Qxe7 13. Qd2 Qg5 14. Nd1 Rd8
15. h4 Qe7 16. Qc3 Ndf6 17. Nf4 Bf5 18. Nf2 h5 19. Qd2 Nxf2 20. Kxf2 Bg4 21.
Rag1 Kf8 22. Ke1 Rh6 23. Be2 Qd6 24. Qa5 a6 25. a3 Rd7 26. c4 Qc7 27. Qe5 Qd6
28. Qa5 Qc7 29. Qc5+ Kg8 30. Rg3 Qd6 31. Qa5 Qc7 32. Qc3 a5 33. Rhg1 Qd8 34.
R1g2 b6 35. Qc2 Qf8 36. Qb3 Rb7 37. Qc3 Rb8 38. Qc2 Rb7 39. Qc3 Rd7 40. Qb3 Qd8
41. Qc3 b5 42. Qb3 bxc4 43. Qxc4 Qb6 44. Bd1 Qb5 45. Qxb5 cxb5 46. Rc2 Bxd1 47.
Kxd1 Nd5 48. Rc8+ Kh7 49. Nh3 f6 50. Rc5 Nc7 51. Nf4 g6 52. b3 Rf7 53. Ke2 Re7
54. Rg1 g5 55. hxg5 fxg5 56. Rgxg5 h4 57. Rh5 a4 58. b4 Rxh5 59. Rxh5+ Kg7 60.
Rxh4 Ne6 61. Rg4+ Kf7 62. Ng6 Rc7 63. Ne5+ Kf6 64. Kd2 Ng5 65. Rf4+ Ke6 66. Rf8
Rh7 67. Rf2 1/2-1/2

[Event "1.CLZ 24/25,MGMBA Unichess-Ricany 1925"]
[Site "Praha"]
[Date "2024.10.20"]
[Round "1.7"]
[White "Tesar, Jakub"]
[Black "Le, Anh"]
[WhiteElo "2227"]
[BlackElo "2203"]
[Result "0-1"]
[PlyCount "118"]

1. d4 Nf6 2. c4 c5 3. d5 e6 4. Nc3 exd5 5. cxd5 d6 6. Nf3 g6 7. Nd2 Bg7 8. e4
O-O 9. Be2 Re8 10. f3 a6 11. a4 Nh5 12. O-O Bd4+ 13. Kh1 f5 14. exf5 Ng3+ 15.
hxg3 Qg5 16. f4 Qh6+ 17. Bh5 Bxf5 18. g4 Bd3 19. Rf3 gxh5 20. Rh3 c4 21. Nf3
Be3 22. Ng5 Bxc1 23. Rxc1 Nd7 24. Rxh5 Qf6 25. Ne6 Nc5 26. f5 Nb3 27. Nc7 Rac8
28. Nxe8 Rxe8 29. Qg1 Nxc1 30. Qxc1 Qe5 31. Qh6 Qe1+ 32. Kh2 Qe5+ 33. g3 Qe7
34. Rg5+ Kh8 35. f6 Qf8 36. Rh5 Qxh6 37. Rxh6 Bg6 38. Kg2 Re3 39. Rh1 Kg8 40.
Kf2 Re5 41. Rd1 Bd3 42. Rd2 Kf7 43. b3 Kxf6 44. bxc4 Bxc4 45. Rd4 b5 46. axb5
axb5 47. g5+ Kg6 48. Ne4 Rxd5 49. Rxd5 Bxd5 50. Nxd6 b4 51. Ke3 b3 52. Kd3 Kxg5
53. Kc3 h6 54. Nb5 Kg4 55. Nd4 Bf7 56. Ne2 h5 57. Kb2 Kf3 58. Nf4 h4 59. Nh3
Kxg3 0-1

[Event "1.CLZ 24/25,MGMBA Unichess-Ricany 1925"]
[Site "Praha"]
[Date "2024.10.20"]
[Round "1.8"]
[White "Hlavina, Matous"]
[Black "Bartos, Jan"]
[WhiteElo "2248"]
[BlackElo "2086"]
[Result "1-0"]
[PlyCount "149"]

1. e4 c5 2. Nf3 e6 3. d4 cxd4 4. Nxd4 Nf6 5. Nc3 Nc6 6. Ndb5 Bb4 7. a3 Bxc3+ 8.
Nxc3 d5 9. exd5 exd5 10. Bd3 Bg4 11. f3 Bh5 12. O-O O-O 13. Kh1 d4 14. Ne2 Bg6
15. Bg5 Qd6 16. Qd2 Rfd8 17. Rfd1 Rd7 18. Bh4 Nd5 19. Bf2 Bxd3 20. Qxd3 Nf4 21.
Nxf4 Qxf4 22. Re1 Qf6 23. Re4 Qg6 24. Rae1 h6 25. Qc4 Rad8 26. Bh4 Rc8 27. Kg1
Qd6 28. Bg3 Qd5 29. Qd3 f5 30. R4e2 Rcd8 31. Be5 Rf8 32. f4 g6 33. c4 dxc3 34.
Qxd5+ Rxd5 35. Bxc3 Rfd8 36. Bf6 R8d7 37. Re8+ Kf7 38. Bc3 Rd1 39. Rh8 Rxe1+
40. Bxe1 h5 41. Bc3 Nd8 42. Kf2 Ne6 43. Ke3 Nc7 44. Be5 Nd5+ 45. Kf3 Nf6 46. h3
Ne4 47. Ke3 Nf6 48. g3 Nd5+ 49. Ke2 Nf6 50. Bxf6 Kxf6 51. Re8 Rd5 52. Re3 Rb5
53. b3 a5 54. Kd2 Rc5 55. Kd3 a4 56. Kd4 Rc6 57. bxa4 Ra6 58. h4 Rxa4+ 59. Kc5
Ra6 60. Rb3 Rc6+ 61. Kd5 Ra6 62. Rc3 Kf7 63. Kc5 Kf6 64. Kb5 Rd6 65. a4 Rd1 66.
Rb3 Ke6 67. Kb6 Ra1 68. Rb4 Ra3 69. Kxb7 Rxg3 70. a5 Kd5 71. a6 Re3 72. a7 Re4
73. Rxe4 Kxe4 74. a8=Q Kxf4 75. Qd8 1-0

[Event "1.CLZ 24/25,Cesky lev Kolesovice-Zikuda Turnov B"]
[Site "Kolesovice"]
[Date "2024.10.20"]
[Round "1.1"]
[White "Movsesjan, Sergej"]
[Black "Haba, Petr"]
[WhiteElo "2616"]
[BlackElo "2422"]
[Result "1/2-1/2"]
[PlyCount "103"]

1. Nf3 d5 2. g3 c5 3. Bg2 Nc6 4. d4 Nf6 5. O-O cxd4 6. Nxd4 e5 7. Nxc6 bxc6 8.
c4 Be6 9. Nc3 Rc8 10. cxd5 cxd5 11. Bg5 d4 12. Ne4 Be7 13. Nxf6+ Bxf6 14. Bxf6
gxf6 15. Qd2 h5 16. Rac1 Rxc1 17. Rxc1 Kf8 18. h4 Kg7 19. b4 Bd5 20. Rc5 Bxg2
21. Kxg2 Qd7 22. f3 Re8 23. Qd3 e4 24. fxe4 Qg4 25. Qf3 Rxe4 26. Qxg4+ hxg4 27.
Kf2 d3 28. exd3 Rxb4 29. Ra5 f5 30. Rxf5 Ra4 31. Ke3 Rxa2 32. Rg5+ Kh7 33. Rxg4
a5 34. Rf4 Kg7 35. Kd4 a4 36. Kc3 a3 37. Rg4+ Kf8 38. Ra4 Rg2 39. g4 a2 40. g5
Rh2 41. d4 Rxh4 42. Rxa2 Rg4 43. Ra5 Ke7 44. Kc4 Kd6 45. Rd5+ Kc6 46. Rf5 Kd6
47. Ra5 Rg1 48. Ra6+ Kd7 49. Kc5 Rxg5+ 50. d5 Rg6 51. Ra7+ Kd8 52. Rxf7 1/2-1/2

[Event "1.CLZ 24/25,Cesky lev Kolesovice-Zikuda Turnov B"]
[Site "Kolesovice"]
[Date "2024.10.20"]
[Round "1.2"]
[White "Sodoma, Jan"]
[Black "Shagbazyan, Taron"]
[WhiteElo "2327"]
[BlackElo "2417"]
[Result "1/2-1/2"]
[PlyCount "76"]

1. Nf3 Nf6 2. c4 c6 3. d4 d5 4. e3 Bf5 5. Nc3 e6 6. Nh4 Bg6 7. Nxg6 hxg6 8. Bd2
c5 9. cxd5 exd5 10. Qb3 Qd7 11. dxc5 Bxc5 12. Rc1 Bb6 13. Na4 O-O 14. Nxb6 axb6
15. Bb5 Nc6 16. O-O Ne4 17. Bb4 Rfd8 18. a4 Qe6 19. f3 Nd6 20. Bd2 Na5 21. Bxa5
bxa5 22. Rc7 Rab8 23. Rfc1 Ne8 24. R7c5 Rbc8 25. R1c3 Nf6 26. h3 Rxc5 27. Rxc5
Rc8 28. Qc3 Rxc5 29. Qxc5 Qe5 30. b3 Qb2 31. Qc8+ Kh7 32. Qxb7 d4 33. exd4
Qxd4+ 34. Kh1 Qa1+ 35. Kh2 Qe5+ 36. Kh1 Qa1+ 37. Kh2 Qe5+ 38. Kh1 Qa1+ 1/2-1/2

[Event "1.CLZ 24/25,Cesky lev Kolesovice-Zikuda Turnov B"]
[Site "Kolesovice"]
[Date "2024.10.20"]
[Round "1.3"]
[White "Neuman, Petr"]
[Black "Vitak, Jiri"]
[WhiteElo "2422"]
[BlackElo "2267"]
[Result "1-0"]
[PlyCount "129"]

1. Nf3 Nf6 2. c4 e6 3. g3 b6 4. Bg2 Bb7 5. O-O c5 6. Nc3 Be7 7. Re1 d5 8. cxd5
exd5 9. d4 O-O 10. Bf4 Nc6 11. Rc1 Ne4 12. dxc5 Nxc3 13. Rxc3 bxc5 14. Ne5 Nxe5
15. Bxe5 Qd7 16. Qc2 Rad8 17. Rd1 Rfe8 18. Bf4 Bf8 19. Bg5 f6 20. Bc1 Kh8 21.
e3 Qf7 22. b3 Ba6 23. Bf1 Bxf1 24. Rxf1 d4 25. Rd3 dxe3 26. Bxe3 Rxd3 27. Qxd3
Rc8 28. Rc1 Qc7 29. Rc4 a5 30. Rc1 Qc6 31. Qc4 h6 32. Rd1 a4 33. bxa4 Ra8 34.
Qf7 Qxa4 35. Rd7 Qe4 36. h4 Qf5 37. Kh2 c4 38. Rc7 Qc2 39. Qxc4 Qg6 40. Rc8
Rxc8 41. Qxc8 Qf7 42. Bc5 Qxa2 43. Qxf8+ Kh7 44. Qe7 Qd5 45. Qe3 h5 46. f3 Qd7
47. Qe4+ Kg8 48. Be3 Qb5 49. Kg2 Qe2+ 50. Bf2 Qb5 51. g4 hxg4 52. fxg4 Kh8 53.
h5 Qb8 54. Bd4 Qb4 55. Kf3 Qb3+ 56. Qe3 Qd5+ 57. Kg3 Qd6+ 58. Kh3 Qc6 59. h6
Kh7 60. hxg7 Kxg7 61. g5 Qc8+ 62. Kh4 Qh8+ 63. Kg3 Qb8+ 64. Qf4 Qb3+ 65. Kh4
 1-0

[Event "1.CLZ 24/25,Cesky lev Kolesovice-Zikuda Turnov B"]
[Site "Kolesovice"]
[Date "2024.10.20"]
[Round "1.4"]
[White "Kucera, Petr"]
[Black "Svoboda, Svatopluk"]
[WhiteElo "2226"]
[BlackElo "2346"]
[Result "1/2-1/2"]
[PlyCount "52"]

1. d4 Nf6 2. Nf3 g6 3. g3 Bg7 4. Bg2 d5 5. O-O O-O 6. c4 dxc4 7. Na3 c3 8. bxc3
c5 9. Rb1 Nc6 10. Ne5 cxd4 11. Nxc6 bxc6 12. cxd4 Be6 13. Bxc6 Rc8 14. Bb7 Rc7
15. Bf4 Rd7 16. Be5 Bxa2 17. Rb2 Bd5 18. Bxd5 Nxd5 19. Bxg7 Kxg7 20. Nc4 Nf6
21. e3 Qa8 22. Ne5 Rc7 23. Qf3 Ne4 24. Ra2 Nd6 25. Qxa8 Rxa8 26. Ra6 Kf8
 1/2-1/2

[Event "1.CLZ 24/25,Cesky lev Kolesovice-Zikuda Turnov B"]
[Site "Kolesovice"]
[Date "2024.10.20"]
[Round "1.5"]
[White "Studnicka, Tomas"]
[Black "Liska, Jiri"]
[WhiteElo "2255"]
[BlackElo "2267"]
[Result "1/2-1/2"]
[PlyCount "105"]

1. d4 Nf6 2. Nf3 g6 3. c4 Bg7 4. Nc3 d5 5. cxd5 Nxd5 6. Bd2 O-O 7. e4 Nb6 8.
Be3 c6 9. Be2 Bg4 10. Qd3 N8d7 11. Rd1 Qc7 12. O-O Rad8 13. Qc2 e5 14. Bg5 Rc8
15. Nxe5 Nxe5 16. dxe5 Bxe2 17. Qxe2 Qxe5 18. Bh4 Rfe8 19. f4 Qc5+ 20. Bf2 Qb4
21. e5 Rcd8 22. a3 Qb3 23. Ne4 Nd5 24. g3 b6 25. Rc1 c5 26. Rfd1 f6 27. exf6
Nxf6 28. Rxd8 Rxd8 29. Ng5 Re8 30. Qc4+ Qxc4 31. Rxc4 h6 32. Nh3 Re4 33. Rc2
Ng4 34. Kg2 Nxf2 35. Nxf2 Re3 36. Rd2 Bd4 37. Nd1 Rb3 38. Kf1 Kf7 39. Ke2 Ke6
40. Rd3 Rb5 41. b3 a5 42. a4 Rb4 43. Ne3 Bxe3 44. Kxe3 g5 45. fxg5 hxg5 46. h3
Ke5 47. Kf3 Kf5 48. Rd5+ Kf6 49. Rd3 Ke5 50. Ke3 b5 51. axb5 Rxb5 52. Rc3 Kd5
53. Rd3+ 1/2-1/2

[Event "1.CLZ 24/25,Cesky lev Kolesovice-Zikuda Turnov B"]
[Site "Kolesovice"]
[Date "2024.10.20"]
[Round "1.6"]
[White "Zima, Jan"]
[Black "Walek, Petr"]
[WhiteElo "2202"]
[BlackElo "2276"]
[Result "1-0"]
[PlyCount "47"]

1. e4 c5 2. Nc3 Nc6 3. Bb5 Nd4 4. Nf3 a6 5. Bd3 g6 6. O-O Bg7 7. Nxd4 cxd4 8.
Ne2 d5 9. exd5 Qxd5 10. c3 e5 11. cxd4 Ne7 12. b3 exd4 13. Ba3 Qd8 14. Nf4 O-O
15. Re1 Re8 16. Qe2 Bf6 17. Qf3 Bg5 18. Bc4 Nf5 19. Qd5 Rxe1+ 20. Rxe1 Qd7 21.
Re7 Qxd5 22. Re8+ Kg7 23. Bf8+ Kf6 24. Nxd5# 1-0

[Event "1.CLZ 24/25,Cesky lev Kolesovice-Zikuda Turnov B"]
[Site "Kolesovice"]
[Date "2024.10.20"]
[Round "1.7"]
[White "Vagner, Tomas"]
[Black "Sykora, Marek"]
[WhiteElo "2223"]
[BlackElo "2242"]
[Result "1/2-1/2"]
[PlyCount "83"]

1. e4 e5 2. Nf3 Nc6 3. Bc4 Bc5 4. O-O Nf6 5. d3 d6 6. h3 Be6 7. Qe2 Bxc4 8.
dxc4 h6 9. Nc3 O-O 10. Na4 Nd7 11. Be3 Bxe3 12. Qxe3 Nb6 13. Nxb6 axb6 14. a3
Qe7 15. Rfe1 Nd8 16. Rad1 Ne6 17. g3 Kh7 18. h4 g6 19. Kg2 Ng7 20. Qd3 Qe6 21.
Qd5 Qc8 22. Rh1 Nh5 23. Nh2 f5 24. exf5 Qxf5 25. Rd2 Nf6 26. Qd3 e4 27. Qe3
Rae8 28. Rf1 Rf7 29. f3 exf3+ 30. Qxf3 Qe6 31. Rdf2 Ref8 32. b3 c6 33. a4 Kg7
34. Re2 Qd7 35. Qc3 d5 36. cxd5 Qxd5+ 37. Qf3 Qxf3+ 38. Rxf3 Nd5 39. Rxf7+ Rxf7
40. Ng4 h5 41. Ne5 Re7 42. Kf3 1/2-1/2

[Event "1.CLZ 24/25,Cesky lev Kolesovice-Zikuda Turnov B"]
[Site "Kolesovice"]
[Date "2024.10.20"]
[Round "1.8"]
[White "Vltavsky, Vladimir"]
[Black "Movsesian, Julia"]
[WhiteElo "2065"]
[BlackElo "2216"]
[Result "0-1"]
[PlyCount "66"]

1. Nf3 d5 2. d4 Nf6 3. c4 e6 4. Nc3 Nbd7 5. e3 Bd6 6. Be2 b6 7. O-O a6 8. Qc2
Bb7 9. cxd5 exd5 10. b3 O-O 11. Bb2 Qe7 12. Nd2 Rfe8 13. Bf3 Nf8 14. Rfe1 Ne6
15. g3 Ng5 16. Bg2 Qd7 17. f3 Re7 18. Nf1 Rae8 19. Rad1 h5 20. Bc1 Nh3+ 21. Kh1
c5 22. Na4 cxd4 23. Nxb6 Qc7 24. Qxc7 Bxc7 25. Bxh3 Bxb6 26. Ba3 dxe3 27. Bxe7
Rxe7 28. Nxe3 Rxe3 29. Rxe3 Bxe3 30. Bf5 d4 31. Kg2 g5 32. Bd3 g4 33. Be2 Nd7
 0-1

[Event "1.CLZ 24/25,Slavoj Litomerice-TJ Pankrac"]
[Site "Litomerice"]
[Date "2024.10.20"]
[Round "1.1"]
[White "Petr, Martin"]
[Black "Eret, Matous"]
[WhiteElo "2475"]
[BlackElo "2295"]
[Result "0-1"]
[PlyCount "118"]

1. Nf3 Nf6 2. g3 d6 3. d4 Nbd7 4. c4 e5 5. Nc3 c6 6. e4 Be7 7. Bg2 O-O 8. O-O
a6 9. d5 cxd5 10. cxd5 b5 11. a3 Bb7 12. Ne1 Rc8 13. Bd2 Nb6 14. b3 g6 15. Ne2
Nbd7 16. a4 Nc5 17. axb5 axb5 18. Ba5 Qd7 19. Nc3 b4 20. Bxb4 Ba6 21. Bxc5 Bxf1
22. Bxf1 Rxc5 23. Bc4 Rb8 24. Nd3 Rc7 25. Kg2 Ra7 26. Rc1 Kg7 27. h3 Bd8 28. f4
Ba5 29. fxe5 Bxc3 30. Rxc3 Nxe4 31. Rc2 Rba8 32. Qe2 f5 33. exf6+ Nxf6 34. Nf4
Qf5 35. b4 Qe4+ 36. Qxe4 Nxe4 37. Re2 Nc3 38. Re3 Nb1 39. g4 Rb8 40. Ne6+ Kg8
41. Bd3 Rxb4 42. Nd8 Rb2+ 43. Kg3 Kf8 44. Kh4 Ra3 45. Ne6+ Kg8 46. Kg5 Rbb3 47.
Nf4 Kf7 48. Kh6 Nd2 49. Kxh7 Nc4 50. Bxg6+ Kf6 51. Rxb3 Rxb3 52. h4 Rb7+ 53.
Kh6 Ne3 54. Kh5 Rb8 55. Bh7 Rb4 56. Nd3 Rxg4 57. Nf2 Rg2 58. Nd3 Rg7 59. Be4
Rg8 0-1

[Event "1.CLZ 24/25,Slavoj Litomerice-TJ Pankrac"]
[Site "Litomerice"]
[Date "2024.10.20"]
[Round "1.2"]
[White "Dolezal, Radoslav"]
[Black "Hollan, Martin"]
[WhiteElo "2318"]
[BlackElo "2353"]
[Result "1-0"]
[PlyCount "55"]

1. d4 Nf6 2. Nf3 g6 3. c4 Bg7 4. Nc3 O-O 5. e4 d6 6. h3 c5 7. d5 b5 8. cxb5 a6
9. a4 Qa5 10. Bd2 Qb4 11. Qc2 e6 12. Ng5 Qa5 13. dxe6 fxe6 14. Bc4 Re8 15. e5
dxe5 16. O-O axb5 17. Nxb5 Qd8 18. Be3 Nd5 19. Rfd1 Nc6 20. Bxd5 exd5 21. Qxc5
Ne7 22. Nc7 Bb7 23. Qb6 Bc6 24. Nge6 Qd7 25. Nxa8 Bxa8 26. Nc7 Rc8 27. Nxa8
Rxa8 28. Qb5 1-0

[Event "1.CLZ 24/25,Slavoj Litomerice-TJ Pankrac"]
[Site "Litomerice"]
[Date "2024.10.20"]
[Round "1.3"]
[White "Hollan, Petr"]
[Black "Matras, Ondrej"]
[WhiteElo "2246"]
[BlackElo "2068"]
[Result "1-0"]
[PlyCount "129"]

1. e4 e6 2. d4 d5 3. Nd2 a6 4. Ngf3 c5 5. exd5 exd5 6. c4 Nf6 7. Be2 Nc6 8. O-O
Be7 9. cxd5 Nxd5 10. dxc5 Bxc5 11. Ne4 Be7 12. Bc4 Nb6 13. Bb3 Qxd1 14. Rxd1
Bg4 15. Be3 Nd7 16. Nd6+ Bxd6 17. Rxd6 Bxf3 18. gxf3 Nde5 19. f4 Ng4 20. Bc5
O-O 21. Rd7 Nf6 22. Rxb7 Na5 23. Bxf8 Nxb7 24. Bb4 a5 25. Bc3 a4 26. Bd1 Nc5
27. Bf3 Rb8 28. Be5 Re8 29. Rd1 Nfe4 30. Rd4 f6 31. Bxe4 fxe5 32. fxe5 Rxe5 33.
Rd8+ Kf7 34. Bxh7 Re2 35. Rc8 Nd7 36. Bc2 Ne5 37. Bxa4 Rxb2 38. Bb3+ Kf6 39.
Kg2 Nd3 40. Kg3 Nb4 41. Rf8+ Ke5 42. f4+ Kd4 43. Rf7 Nxa2 44. Bxa2 Rxa2 45.
Rxg7 Ke4 46. Rg5 Ra1 47. Re5+ Kd4 48. h4 Rg1+ 49. Kh3 Rh1+ 50. Kg4 Rg1+ 51. Kf5
Rh1 52. Re8 Rxh4 53. Kg5 Rh1 54. f5 Kd5 55. f6 Rg1+ 56. Kf5 Rf1+ 57. Kg6 Rg1+
58. Kf7 Kd6 59. Re2 Kd7 60. Rd2+ Kc7 61. Kf8 Rf1 62. f7 Rg1 63. Rd5 Kc6 64. Rh5
Kd7 65. Rh7 1-0

[Event "1.CLZ 24/25,Slavoj Litomerice-TJ Pankrac"]
[Site "Litomerice"]
[Date "2024.10.20"]
[Round "1.4"]
[White "Sindler, Michal"]
[Black "Brejnik, Gustav"]
[WhiteElo "2154"]
[BlackElo "2251"]
[Result "1-0"]
[PlyCount "135"]

1. e4 c6 2. d4 d5 3. e5 Bf5 4. h4 h5 5. Bd3 Bxd3 6. Qxd3 e6 7. Bg5 Qb6 8. Nd2
Qa6 9. c4 Bb4 10. b3 c5 11. Ngf3 Nh6 12. Bxh6 Rxh6 13. O-O Nc6 14. dxc5 O-O-O
15. Qe3 d4 16. Qf4 Bxc5 17. Ne4 Be7 18. Qxf7 Rf8 19. Qxg7 Rhh8 20. Qg6 Kd7 21.
Nf6+ Kc8 22. Ne4 Kd7 23. Neg5 Bxg5 24. Nxg5 Ne7 25. Qe4 Nf5 26. Rad1 Ke7 27.
Nf3 Qc6 28. Qxc6 bxc6 29. Nxd4 Nxh4 30. Nxc6+ Kf7 31. Rd7+ Kg6 32. Nxa7 Rhg8
33. f4 Kf5 34. Rf2 Rd8 35. Rxd8 Rxd8 36. g3 Ng6 37. c5 Rd1+ 38. Rf1 Rd2 39. Rf2
Rd3 40. Kh2 Rc3 41. Nb5 Rxc5 42. Nd4+ Kg4 43. Nxe6 Rc3 44. f5 h4 45. gxh4 Nxe5
46. Rf4+ Kh5 47. f6 Rc2+ 48. Kg1 Rc1+ 49. Kg2 Ng6 50. f7 Rc2+ 51. Kf1 Rc1+ 52.
Ke2 Rc6 53. Rf6 Rxe6+ 54. Rxe6 Nf4+ 55. Kf3 Nxe6 56. a4 Kg6 57. f8=Q Nxf8 58.
a5 Ne6 59. a6 Nd4+ 60. Ke3 Nc6 61. Kd2 Kh5 62. Kc3 Kxh4 63. b4 Na7 64. Kc4 Kg5
65. b5 Kf6 66. b6 Nc8 67. Kc5 Ke6 68. a7 1-0

[Event "1.CLZ 24/25,Slavoj Litomerice-TJ Pankrac"]
[Site "Litomerice"]
[Date "2024.10.20"]
[Round "1.5"]
[White "Jirasko, Miroslav"]
[Black "Postupa, Pavel"]
[WhiteElo "2185"]
[BlackElo "2168"]
[Result "1-0"]
[PlyCount "77"]

1. e4 c5 2. Nf3 d6 3. Bb5+ Bd7 4. Bxd7+ Qxd7 5. O-O Nc6 6. c3 Nf6 7. Qe2 e6 8.
d4 cxd4 9. cxd4 d5 10. e5 Ng8 11. Nc3 Nge7 12. Rd1 h5 13. Nh4 Nc8 14. Bg5 Be7
15. Bxe7 Qxe7 16. g3 a6 17. f4 g6 18. f5 gxf5 19. Nxf5 Qg5 20. Nh4 N8e7 21. Rd3
O-O-O 22. Na4 Rdg8 23. Rc3 Qxh4 24. Rd1 Qg4 25. Qf1 Kb8 26. Nc5 Nxd4 27. Nd7+
Ka8 28. Nf6 Ne2+ 29. Kh1 Qg6 30. Qxe2 Rc8 31. Rdc1 Rxc3 32. Rxc3 Qb1+ 33. Kg2
Nf5 34. Ra3 Ka7 35. Kh3 d4 36. Qb5 Rc8 37. Nd7 Rc6 38. Rxa6+ Rxa6 39. Qc5+ 1-0

[Event "1.CLZ 24/25,Slavoj Litomerice-TJ Pankrac"]
[Site "Litomerice"]
[Date "2024.10.20"]
[Round "1.6"]
[White "Vasek, Jan"]
[Black "Kopriva, Martin"]
[WhiteElo "2147"]
[BlackElo "2157"]
[Result "0-1"]
[PlyCount "76"]

1. e4 c5 2. Nf3 g6 3. c4 Bg7 4. Nc3 d6 5. g3 Nc6 6. Bg2 e5 7. d3 Nge7 8. Be3
Nd4 9. Qd2 Bh3 10. O-O Nxf3+ 11. Bxf3 Bxf1 12. Rxf1 O-O 13. h4 Qd7 14. Kg2 a6
15. h5 b5 16. Bd1 b4 17. Ne2 f5 18. Rh1 Rf7 19. Ng1 Raf8 20. f3 f4 21. Bf2 fxg3
22. Kxg3 gxh5 23. Rxh5 Ng6 24. Be3 Nf4 25. Bxf4 Rxf4 26. Qh2 Qf7 27. Kf2 Qg6
28. Rh3 R4f6 29. Ke1 Kh8 30. Rg3 Qh6 31. Qxh6 Bxh6 32. Nh3 Rg8 33. Rg4 Bc1 34.
b3 Rxg4 35. fxg4 Rh6 36. Nf2 Be3 37. Bf3 Rh2 38. Nd1 Bd4 0-1

[Event "1.CLZ 24/25,Slavoj Litomerice-TJ Pankrac"]
[Site "Litomerice"]
[Date "2024.10.20"]
[Round "1.7"]
[White "Ret, Adam"]
[Black "Vokoun, Jan"]
[WhiteElo "2086"]
[BlackElo "1936"]
[Result "1/2-1/2"]
[PlyCount "95"]

1. c4 Nf6 2. g3 d5 3. Bg2 dxc4 4. Na3 g6 5. Nxc4 Bg7 6. Nf3 O-O 7. d3 Nbd7 8.
Bg5 h6 9. Bd2 Nd5 10. Qc1 Kh7 11. Ng5+ hxg5 12. Bxd5 Nb6 13. Nxb6 axb6 14. Bg2
Qd4 15. Bc3 Qc5 16. h4 g4 17. h5 g5 18. d4 Bxd4 19. Bxd4 Qxd4 20. Qxg5 Qb4+ 21.
Qd2 Qxd2+ 22. Kxd2 Ra5 23. Be4+ Kh6 24. f3 Rxh5 25. fxg4 Bxg4 26. Bxb7 Rd8+ 27.
Ke3 Rd6 28. Bf3 Bxf3 29. exf3 Rxh1 30. Rxh1+ Kg7 31. Rc1 c5 32. Rc4 Kf6 33. Ra4
e6 34. Ra7 e5 35. Rb7 Ke6 36. b3 f6 37. Ra7 Rd1 38. Rb7 Rd6 39. g4 Kd5 40. Rg7
b5 41. Rb7 Kc6 42. Rb8 c4 43. bxc4 bxc4 44. a4 Rd3+ 45. Ke4 Rd4+ 46. Ke3 Rd3+
47. Ke4 Rd4+ 48. Ke3 1/2-1/2

[Event "1.CLZ 24/25,Chess club Pisek-TJ Pankrac"]
[Site "Pisek"]
[Date "2024.11.10"]
[Round "2.1"]
[White "Miesbauer, Jan"]
[Black "Jirovsky, Milos"]
[WhiteElo "2402"]
[BlackElo "2430"]
[Result "1/2-1/2"]
[PlyCount "27"]

1. e4 e6 2. d4 d5 3. Nd2 dxe4 4. Nxe4 Nd7 5. Nf3 Ngf6 6. Nxf6+ Nxf6 7. Ne5 Nd7
8. Bf4 Nxe5 9. Bxe5 Bd7 10. Bc4 Bc6 11. Qg4 Qd7 12. h4 Bd5 13. Bxd5 exd5 14.
Qxd7+ 1/2-1/2

[Event "1.CLZ 24/25,Chess club Pisek-TJ Pankrac"]
[Site "Pisek"]
[Date "2024.11.10"]
[Round "2.2"]
[White "Eret, Matous"]
[Black "Stinka, Jakub"]
[WhiteElo "2311"]
[BlackElo "2355"]
[Result "1/2-1/2"]
[PlyCount "84"]

1. c4 e5 2. a3 d6 3. g3 f5 4. Bg2 Nf6 5. Nc3 Be7 6. d3 O-O 7. Nf3 c6 8. Qc2 Na6
9. b4 Nc7 10. O-O Qe8 11. c5 Kh8 12. cxd6 Bxd6 13. e4 Qh5 14. exf5 Bxf5 15. Nh4
Be6 16. Ne4 Be7 17. Bg5 Nb5 18. Qd1 Bg4 19. f3 Be6 20. f4 Qxd1 21. Rfxd1 exf4
22. gxf4 a5 23. Nc5 Bxc5+ 24. bxc5 Nd5 25. Rf1 Ne3 26. Rf2 Nxg2 27. Kxg2 Rae8
28. f5 Bd5+ 29. Kg3 Kg8 30. f6 h6 31. Bd2 Rxf6 32. Rxf6 gxf6 33. Nf5 Re2 34.
Bxa5 Rg2+ 35. Kh3 Rg5 36. Ng3 Be6+ 37. Kh4 Nd4 38. Rf1 f5 39. Rf4 Rg4+ 40.
Rxg4+ fxg4 41. Ne4 Nf3+ 42. Kg3 Ne5 1/2-1/2

[Event "1.CLZ 24/25,Chess club Pisek-TJ Pankrac"]
[Site "Pisek"]
[Date "2024.11.10"]
[Round "2.3"]
[White "Civin, Tomas"]
[Black "Dolezal, Radoslav"]
[WhiteElo "2389"]
[BlackElo "2322"]
[Result "0-1"]
[PlyCount "66"]

1. d4 d5 2. c4 c6 3. cxd5 cxd5 4. Nc3 Nc6 5. e4 e6 6. e5 Qb6 7. Nf3 Bd7 8. Be2
Nh6 9. O-O Nf5 10. Na4 Qa5 11. Bd2 Qd8 12. Bg5 Qa5 13. Bd2 Qd8 14. Bc3 h5 15.
a3 g5 16. b4 g4 17. Ne1 Ncxd4 18. Bxd4 Nxd4 19. Qxd4 Bxa4 20. f3 Qb6 21. Qxb6
axb6 22. fxg4 hxg4 23. Bxg4 Bb5 24. Rf4 Bg7 25. Nf3 Bh6 26. Rf6 Be3+ 27. Kh1
Ke7 28. h4 d4 29. Kh2 d3 30. Kg3 Rhg8 31. Kh3 d2 32. Bh5 Rg7 33. Ng5 Rh8 0-1

[Event "1.CLZ 24/25,Chess club Pisek-TJ Pankrac"]
[Site "Pisek"]
[Date "2024.11.10"]
[Round "2.4"]
[White "Polasek, Jaroslav"]
[Black "Hak, David"]
[WhiteElo "2362"]
[BlackElo "2245"]
[Result "0-1"]
[PlyCount "102"]

1. e4 c5 2. Nf3 Nc6 3. c3 Nf6 4. e5 Nd5 5. d4 cxd4 6. Bc4 Nb6 7. Bb3 d5 8. exd6
Qxd6 9. Na3 a6 10. O-O e6 11. cxd4 Be7 12. Be3 O-O 13. Ne5 Bf6 14. Rc1 Nd5 15.
Nxc6 bxc6 16. Nc4 Qc7 17. Nd2 Be7 18. Nf3 Bb7 19. Re1 Rac8 20. Bxd5 exd5 21.
Bf4 Qd8 22. Re3 c5 23. Qe2 Bf6 24. Rxc5 Rxc5 25. dxc5 d4 26. Rb3 Qd5 27. Bd6
Rc8 28. h3 h6 29. Ne1 Bc6 30. Qxa6 Re8 31. Nf3 Ra8 32. Qd3 Bd7 33. Nd2 Re8 34.
Qf3 Qe6 35. c6 Qxd6 36. cxd7 Re1+ 37. Nf1 Qxd7 38. Rb8+ Kh7 39. Qd3+ g6 40. b4
Qe6 41. b5 Qxa2 42. b6 Be5 43. Rf8 Kg7 44. Re8 Qa4 45. Rd8 Qa5 46. Rxd4 Rxf1+
47. Kxf1 Qa1+ 48. Ke2 Qxd4 49. Qb3 Qb2+ 50. Qxb2 Bxb2 51. Kd3 Kf6 0-1

[Event "1.CLZ 24/25,Chess club Pisek-TJ Pankrac"]
[Site "Pisek"]
[Date "2024.11.10"]
[Round "2.5"]
[White "Havlik, Jan"]
[Black "Matras, Ondrej"]
[WhiteElo "2346"]
[BlackElo "2063"]
[Result "1/2-1/2"]
[PlyCount "144"]

1. e4 e6 2. d4 d5 3. Nc3 Bb4 4. e5 c5 5. a3 Ba5 6. b4 cxd4 7. Nb5 Bc7 8. f4 Bd7
9. Nxc7+ Qxc7 10. Bb2 Ne7 11. Bd3 Nbc6 12. Nf3 a6 13. O-O g6 14. Qd2 Nf5 15.
Qf2 Rc8 16. Rfe1 h6 17. h3 h5 18. Bxf5 gxf5 19. Rad1 Ne7 20. Rd2 Ng6 21. Ng5
Qd8 22. Bxd4 Rc4 23. Re3 Ba4 24. Rc3 Rxc3 25. Bxc3 Qc8 26. Bd4 Qc4 27. Rd3 Qa2
28. Rc3 Qb1+ 29. Kh2 Bc6 30. Rb3 Qd1 31. Rd3 Qb1 32. Be3 Kf8 33. Nf3 Bb5 34.
Rc3 Bc4 35. Nd2 Qa1 36. Bc5+ Kg7 37. Qd4 Be2 38. Qe3 Rc8 39. Rb3 Bb5 40. Rb1
Qa2 41. c3 Qc2 42. Re1 Bd3 43. Nf3 Be4 44. Re2 Qd3 45. Qxd3 Bxd3 46. Re3 Be4
47. g3 Bxf3 48. Rxf3 Rc6 49. a4 b6 50. Bd4 b5 51. Rf2 bxa4 52. Ra2 Nf8 53. Rxa4
Nd7 54. Kg2 Nb8 55. Bc5 Nd7 56. Ra5 Nxc5 57. bxc5 Kf8 58. Kf3 Ke7 59. Ke3 Kd8
60. c4 dxc4 61. Kd4 Kc8 62. Kxc4 Kb7 63. Ra3 Rc8 64. Rd3 Kc7 65. Rd6 Rg8 66.
Rxa6 Rxg3 67. Ra7+ Kc6 68. Ra6+ Kc7 69. c6 Rxh3 70. Kc5 Rc3+ 71. Kb5 Rb3+ 72.
Kc5 Rc3+ 1/2-1/2

[Event "1.CLZ 24/25,Chess club Pisek-TJ Pankrac"]
[Site "Pisek"]
[Date "2024.11.10"]
[Round "2.6"]
[White "Soural, Jan"]
[Black "Novotny, Michal"]
[WhiteElo "2136"]
[BlackElo "2225"]
[Result "1/2-1/2"]
[PlyCount "34"]

1. Nf3 Nf6 2. c4 g6 3. Nc3 Bg7 4. e4 O-O 5. d4 d6 6. Be2 Na6 7. O-O c5 8. d5
Nc7 9. Re1 Rb8 10. h3 a6 11. a4 Bd7 12. e5 Nfe8 13. a5 b5 14. axb6 Rxb6 15. Bf1
Qb8 16. Bg5 f6 17. e6 Bxe6 1/2-1/2